| 000 | 00897cam a2200289 a 4500 | ||
|---|---|---|---|
| 001 | 1211517 | ||
| 005 | 20170105102917.0 | ||
| 008 | 990527s1998 pk a b 001 0 eng | ||
| 010 | _a 98930965 | ||
| 020 | _a9693509226 | ||
| 025 | _aP-E-98930965; 07 | ||
| 040 |
_aDLC _cDLC |
||
| 042 | _alcode | ||
| 043 | _aaz----- | ||
| 050 | 0 | 0 |
_aDS340 _b.B66 1998b |
| 082 | 0 | 0 |
_a954 _221 |
| 100 | 1 | _aBose, Sugata. | |
| 245 | 1 | 0 |
_aModern South Asia : _bhistory, culture, political economy / _cSugata Bose and Ayesha Jalal. |
| 260 |
_aLahore : _bSang-e-Meel Publications, _cc1998. |
||
| 300 |
_a303 p. : _bill. ; _c22 cm. |
||
| 504 | _aIncludes bibliographical references (p. [250]-281) and index. | ||
| 651 | 0 |
_aSouth Asia _xHistory. |
|
| 700 | 1 | _aJalal, Ayesha. | |
| 906 |
_a7 _bcbc _corigode _d3 _encip _f19 _gy-gencatlg |
||
| 942 |
_2ddc _cBK |
||
| 999 |
_c15409 _d15409 |
||